Currency change warning (Record no. 68671)
[ view plain ]
| 000 -LEADER | |
|---|---|
| fixed length control field | 01098cam a2200241 4500 |
| 001 - CONTROL NUMBER | |
| control field | WB3740-28 |
| 008 - FIXED-LENGTH DATA ELEMENTS--GENERAL INFORMATION | |
| fixed length control field | 011025n2001 000 0 eng u |
| 035 ## - SYSTEM CONTROL NUMBER | |
| System control number | (Sirsi) u115307 |
| 245 ## - TITLE STATEMENT | |
| Title | Currency change warning |
| 260 ## - PUBLICATION, DISTRIBUTION, ETC. | |
| Date of publication, distribution, etc. | 2001 |
| 490 ## - SERIES STATEMENT | |
| Series statement | Farmers' Weekly |
| Volume/sequential designation | 135(16) 19 October 2001, 10(1) |
| 520 ## - SUMMARY, ETC. | |
| Summary, etc. | Farmers have been warned it will be their responsibility to protect their incomes against currency flunctuations in the future.The NFU says funds contributed by farmers and government could replace the agrimoney scheme as a way of compensating farmers when exchange rate movements affect subsidy payments. Mr Bennett, deputy president of the NFU has compiled a document, "After Agrimoney - Options for British Farming", which outlines alternative strategies farmers must now consider. |
| 590 ## - LOCAL NOTE (RLIN) | |
| Local note | WB |
| 650 ## - SUBJECT ADDED ENTRY--TOPICAL TERM | |
| Topical term or geographic name entry element | AGRIMONEY SCHEME |
| 650 ## - SUBJECT ADDED ENTRY--TOPICAL TERM | |
| Topical term or geographic name entry element | NATIONAL FARMERS UNION |
| 650 ## - SUBJECT ADDED ENTRY--TOPICAL TERM | |
| Topical term or geographic name entry element | EXCHANGE RATES |
| 650 ## - SUBJECT ADDED ENTRY--TOPICAL TERM | |
| Topical term or geographic name entry element | FARM INCOMES |
| 650 ## - SUBJECT ADDED ENTRY--TOPICAL TERM | |
| Topical term or geographic name entry element | SUBSIDY PAYMENTS |
| 650 ## - SUBJECT ADDED ENTRY--TOPICAL TERM | |
| Topical term or geographic name entry element | COMPENSATION |
| 650 ## - SUBJECT ADDED ENTRY--TOPICAL TERM | |
| Topical term or geographic name entry element | RISK MANAGEMENT |
| 690 ## - LOCAL SUBJECT ADDED ENTRY--TOPICAL TERM (OCLC, RLIN) | |
| Topical term or geographic name as entry element | RURAL-FARM BUSINESS MANAGEMENT |
| 942 ## - ADDED ENTRY ELEMENTS (KOHA) | |
| Suppress in OPAC | 0 |
| Withdrawn status | Lost status | Source of classification or shelving scheme | Damaged status | Not for loan | Home library | Current library | Shelving location | Date acquired | Total Checkouts | Full call number | Barcode | Date last seen | Copy number | Price effective from | Koha item type |
|---|---|---|---|---|---|---|---|---|---|---|---|---|---|---|---|
| Dewey Decimal Classification | London | London | News article | 25/10/2001 | WB3740-28 | 115307-1001 | 06/08/2019 | 1 | 06/08/2019 | News article |